The Greatest Martial Artists of All Time - Statistics

General Stats
  • This quiz has been taken 26 times
  • The average score is 4 of 10
Answer Stats
Hint Answer % Correct
1. Bruce Lee
100%
2. Jackie Chan
71%
10. Chuck Norris
67%
6. Jean-Claude Van Damme
38%
3. Jet Li
38%
4. Donnie Yen
29%
9. Tony Jaa
10%
7. Bolo Yeung
5%
5. Michael Jai White
5%
8. Scott Adkins
5%
No matching quizzes found
Score Distribution
Percent of People with Each Score
Percentile by Number Answered
Your Score History
You have not taken this quiz